| 000 | 01719nam a22004457a 4500 | ||
|---|---|---|---|
| 003 | CHAP | ||
| 005 | 20220329143253.0 | ||
| 008 | 071121s2007 mx r 00010 spa d | ||
| 010 | _a94244 | ||
| 011 | _a95216 | ||
| 035 | _a105828 | ||
| 040 | _cCHAP | ||
| 090 | _aTesis | ||
| 100 | 1 |
_aLedesma Miramontes, Alejandro _965553 |
|
| 245 | 1 | 0 |
_aEstudio morfológico y anatómico del aborto de óvulos y embriones en mango (Mangifera indica L.) "Ataulfo" en el Estado de Nayarit _c/por Alejandro Ledesma Miramontes |
| 260 |
_aChapingo, Méx. : _bEl autor, _c2007. |
||
| 300 |
_a71 h. : _bilus. ; gráfs. ; cuadros |
||
| 502 | _aTesis (Ing. Agr. Esp. en Fitotecnia) -- UACH. Departamento de Fitotecnia | ||
| 530 | _aTambién disponible en línea | ||
| 590 |
_aALEPH _b10 _c20130110 _lUCH01 _h1521 |
||
| 590 |
_aBATCH-UPD _b10 _c20130110 _lUCH01 _h0405 |
||
| 590 |
_aBATCH-UPD _b10 _c20130410 _lUCH01 _h0039 |
||
| 590 |
_aBATCH-UPD _b10 _c20130410 _lUCH01 _h1610 |
||
| 590 |
_aBATCH-UPD _b10 _c20130913 _lUCH01 _h1846 |
||
| 590 |
_aBATCH-UPD _b10 _c20140324 _lUCH01 _h1505 |
||
| 590 |
_aBATCH-UPD _b10 _c20141002 _lUCH01 _h0835 |
||
| 590 |
_aCONVERSION _b10 _c20130109 _lUCH01 _h1352 |
||
| 650 | 1 | 4 |
_aAbscisión (Botánica) _9332 |
| 650 | 1 | 4 |
_aFruta _xTrópicos. _943663 |
| 650 | 1 | 4 |
_aMango _xEnfermedades. _970410 |
| 650 | 1 | 4 |
_aMango _xFloración. _970419 |
| 650 | 1 | 4 |
_aMango _xGenética. _970421 |
| 650 | 1 | 4 |
_aMango _xNayarit. _970439 |
| 856 |
_3Finding aid _uhttp://10.13.5.2/tesis/105828.pdf _zTeclea aqui |
||
| 901 | _aBK | ||
| 905 | _aLuisgm | ||
| 942 | _cFOLL | ||
| 949 |
_aTesis _bBC _cLIBRO _d33724002044538 _eTS1 _gDonaciØn _h47344 _i105828 _sb |
||
| 949 |
_aTesis _bBC _cTES _d33724002044496 _eTS2 _fc.2 _gDonaciØn _h47345 _i105828 _si |
||
| 999 |
_c94244 _d94244 |
||